Major league baseball teams in 1950 - Statistics

General Stats
  • This quiz has been taken 30 times
  • The average score is 14 of 16
Answer Stats
Region Team % Correct
Mid Atlantic Pittsburgh Pirates
100%
Northeast Boston Red Sox
95%
Northeast Brooklyn Dodgers
95%
Midwest Chicago Cubs
95%
Midwest Chicago White Sox
95%
Mid Atlantic Philadelphia Phillies
95%
Midwest Cincinnati Reds
91%
Midwest Cleveland Indians
91%
Northeast New York Yankees
91%
Northeast Boston Braves
86%
Midwest Detroit Tigers
86%
Northeast New York Giants
86%
Midwest St Louis Cardinals
82%
Mid Atlantic Washington Senators
82%
Mid Atlantic Philadelphia Athletics
77%
Midwest St Louis Browns
59%
No matching quizzes found
Score Distribution
Percent of People with Each Score
Percentile by Number Answered
Your Score History
You have not taken this quiz